000 00656nam a2200229 i 4500
001 C2-0272461
003 PPAK
005 20180728002029.0
008 060809s ph a|||| ||||| | eng d
040 _aPPAK
_beng
_cPPAK
_erda
082 0 4 _a709.04074
_223
090 0 0 _a709.04074
_bMET
_dKSF
100 0 _aMetropolitan Museum Of Manila,
_eauthor
245 1 0 _aFilm Collection
264 1 _aManila :
_bMetropolitan Museum Of Manila ,
300 _a23 pages :
_bcolour illustrations ;
_c29 cm
336 _2rdacontent
_atext
337 _2rdamedia
_aunmediated
338 _2rdacarrier
_avolume
650 1 0 _aArt - Museum - Collection
942 _ddc
_cB
999 _c80433
_d80433